| 000 | 00668nam a2200217Ia 4500 | ||
|---|---|---|---|
| 005 | 20241129110012.0 | ||
| 008 | 241129s9999||||xx |||||||||||||| ||und|| | ||
| 020 | _a9781788603829 | ||
| 037 | _aTB | ||
| 040 |
_aARTS _beng _cARTS |
||
| 041 |
_aeng _2eng |
||
| 084 |
_aX:95 R3 _qARTS |
||
| 100 |
_aMashek Deb Au. _9726806 |
||
| 245 | 0 |
_aCollabor (h) ate: how to build incredible colloaborative relationships at work (even if you'd rather work alone) _cMashek Deb Au. |
|
| 260 |
_aUSA _bPractical Imspiration Publishing _c2022 |
||
| 300 | _axviii,201p. | ||
| 365 |
_aUKP _b16.99 |
||
| 650 | _aEconomics | ||
| 942 |
_cTB _hX:95 R3 |
||
| 999 |
_c1226940 _d1226940 |
||